Fountains and springs
Պահպանված է:
| Հիմնական հեղինակ: | |
|---|---|
| Ձևաչափ: | Գիրք |
| Լեզու: | անգլերեն |
| Հրապարակվել է: |
Nueva York
Universe books
1969
|
| Խորագրեր: | |
| Ցուցիչներ: |
Ավելացրեք ցուցիչ
Չկան պիտակներ, Եղեք առաջինը, ով նշում է այս գրառումը!
|
MARC
| LEADER | 00000nam a2200000 a 4500 | ||
|---|---|---|---|
| 001 | UCY4975 | ||
| 003 | CL-VaPUC | ||
| 008 | 950407e19690000US |||||||||||||||||eng|d | ||
| 082 | 0 | 4 | |a 714 |b PFA |2 21 |
| 100 | 0 | |a Pfannschmidt, Ernest Erik |e author |9 333527 | |
| 245 | 1 | 0 | |a Fountains and springs |
| 300 | |a 208 p | ||
| 942 | |c BK | ||
| 945 | |d 19950407 00:00:00 |a oaravena | ||
| 260 | |a Nueva York |b Universe books |c 1969 | ||
| 650 | 0 | |a Agua |9 257149 | |
| 650 | 0 | |a Arquitectura del paisaje |9 268210 | |
| 650 | 7 | |a FUENTES DE AGUA |2 CL-VaPUC |9 333529 | |
| 650 | 0 | |a Diseño y construcción |9 260862 | |
| 583 | |a last modification |c 20180514 11:00:01 |k Rodrigo Vera | ||
| 999 | |c 232717 |d 232715 | ||
| 952 | |0 0 |1 0 |4 0 |6 714_000000000000000_PFA_1969 |7 0 |8 A |9 237538 |a BIBARQ |b BIBARQ |d 2019-11-15 |i 3076660 |l 2 |m 2 |o 714 PFA 1969 |p 3076660 |r 2025-01-20 |s 2021-10-22 |w 2019-11-15 |y BK |k ARQ | ||